000 00503nam a2200133 a 4500
008 120416s1990 ||||||||||||||||| || u
050 _aBL 80.2 Com
100 _aMugambi, J. N. K
245 1 0 _aComparative study of religions
246 _aJ. N. K. Mugambi
260 _aNairobi
_bNairobi university press
_c1990
350 _a0.00
995 _D0.00
_FCBU-MAIN LIBRARY (Kitwe)
_H1
_I11.95
_M1
_UAVAILABLE
_WJun 28, 2006
_ZMain Library Open Access Collection
999 _c38043
_d38043